000 00538nmm a2200193Ia 4500
008 251105s9999||||xx |||||||||||||||||und||
020 _a9788416638857
041 _aspa
100 _aFlamigni, Carlo
245 0 _aCircunstancias casuales
264 _a[Madrid, España] :
_bSiruela,
_c2016
300 _a192 páginas
490 _aNuevos Tiempos / Policiaca
650 _aThriller & Suspense
700 _aFlamigni, Carlo
700 1 _a Gumpert, Carlos
856 _uhttps://public.digitaliapublishing.com/a/44817
942 _cCF
999 _c65511
_d65511